000 00522cam a2200205 4500
001 D6596
008 970304 1961
035 _a(Sirsi) u1786
041 0 _aeng
050 0 4 _a692.209421 $2 18
100 1 _aLeach, W. A.
245 0 0 _aParty structure rights in London
260 _aLondon
_bEstates Gazette
_c1961
300 _avi, 72p.
_c22cm
350 _a1.20
651 4 _aLondon (London County Council)
_y1889-1965
690 _aParty walls
_96258
942 _n0
948 _c04/03/1997
999 _c85695
_d85695